000
00341nam a2200145Ia 4500
008
230718s9999 xx 000 0 und d
041
_a
Eng.
082
_a
340.5
_b
NYA-I
100
_a
Nyazee Imran Ahsan
245
0
_a
Islamic Law of Business
260
_a
Pakistan
_b
Sweet & Morwell
_c
1887
300
_a
347
650
_a
Law
999
_c
26884
_d
26884